00984cam a22002894a 4500999001700000001000900017003000400026005001700030008004100047010001700088020001500105040001800120042000800138050002500146082001400171245006900185250001200254260005800266300003300324504006400357650004700421650002500468700001900493906004500512942001500557952012200572 c30014d3001412988582OSt20190128145315.0021031s2003 enka b 001 0 eng  a 2002038351 a0201648652 aDLCcDLCdDLC apcc00aQA76.58 b.I578 200300a005.222100aIntroduction to parallel computing /cAnanth Grama ... [et al.]. a2nd ed. aHarlow, England ;aNew York :bAddison-Wesley,c2003. axx, 636 p. :bill. ;c25 cm. aIncludes bibliographical references (p. 569-609) and index. 0aParallel processing (Electronic computers) 0aParallel algorithms.1 aGrama, Ananth. a7bcbccorignewd1eocipf20gy-gencatlg 2lcccBOOKS 00102lcc4070aMUCbMUCc%d2019-01-18eDonation (EYS)l0oQA76.58 .I578 2003p38533r2019-06-05w2019-01-18yBOOKS